000 00715nam a2200289Ia 4500
005 20260324112339.0
008 008 260324s9999 xx 000 0 eng d
020 _a9781003369080
037 _aEBOOK
040 _aCRL
040 _beng
040 _cCRL
041 _2eng
041 _aeng
084 _qCRL
100 _aPaula Leech
_91142315
245 0 _aOvercoming Anxiety in Sex and Relationships
245 2 _bA Comprehensive Guide to Intimate and Emotional Freedom
260 _bTaylor and Francis
260 _c2024
365 _a
365 _b205
856 _uhttp://www.taylorfrancis.com/books/9781003369080
942 _cEBOOK
999 _c1731482
_d1731482